01440nam a22003617a 4500003000900000005001700009008004100026020001500067020001800082040004300100041001300143082002100156100003500177240003200212245006800244264006000312300002400372336002600396337002800422338002700450490003100477500008700508500005400595546005000649650005400699651003400753653002200787655003300809700004700842942001200889999001700901952016000918EG-ScBUE20220227094707.0110531s2007 ua f 000 f eeng d a9774161041 a9789774161049 aEG-ScBUEbengerdacEG-ScBUEdEG-ScBUE1 aenghara04222a892.736bGAZ1 924492aJazzar, Hamdi,eauthor.10aسحر أسود.lEnglish10aBlack magic /cHamdy el-Gazzar ; translated by Humphrey Davies. 1aCairo :bThe American University in Cairo Press,c2007. a186 pages ;c20 cm. 2rdacontentatextbtxt 2rdamediaaunmediatedbn 2rdacarrieravolumebnc aA modern Arabic literature aTitle on cover: Black Magic : A Modern Arabic Novel/ Translated by Humphrey Davies aOriginally published in Arabic: 2005, Sihr aswadz aText in English ; translated from the Arabic  7aArabic fictionxTranslations into English.2BUEsh 7910675aEgyptxFiction.2BUEsh cMay2011bHHUUEENN aArabic fictionvReading book1 91522aDavies, Humphrey Taman,etranslator. 2ddccBB c15488d15488 00102ddc40708BaccahaMAINbMAINc2NDd2011-05-31epurchaseg80.00h12339l3m1o892.736 GAZp000023929r2025-07-15 00:00:00s2023-02-23w2011-05-31yBB